Quizzes
Events
Quiz Creation
Community
Videos
Private Events
Remove Ads
Sign In
Join for FREE
Feedback
Dark Mode
Quiz Categories
Sports
Geography
Music
Movies
Television
Just For Fun
Miscellaneous
History
Literature
Language
Science
Gaming
Entertainment
Religion
Holiday
For Kids
Quiz Lab
Recent
Popular Today
Quiz Kudos Today
Editor Picks
Curator Picks
Quizzes by...
Day
Popularity
Type
Ratings
Length
Year
Community
Subscriptions
Recent Discussions
Orange Saloon
Badges
Playlists
Quests
Create
Leaderboards
Showdown
Live 5
Trivia Bingo
Activity
Puzzle Library
Sporcle Events
Private Events
Virtual Trivia
Globe League
Become a Host
Pub Owners
SporcleCon
Opinionation
Our Games
Videos
Blog
Mobile Apps
Partnerships
Remove Ads and Go Orange
Feedback
Sports
Athletes
MLB
NBA
NHL
NFL
Soccer
Sports Teams
WWE
NCAA
Football
Premier League
Basketball
Baseball
Hockey
Golf
Tennis
Cricket
Rugby
Auto Racing
Olympics
World Cup
Sports
Athletes
MLB
NBA
NHL
NFL
Soccer
Sports Teams
WWE
NCAA
Football
Premier League
Basketball
Baseball
Hockey
Golf
Tennis
Cricket
Rugby
Auto Racing
Olympics
World Cup
Random Quiz
Search Sporcle
×
Quiz Lab
Quiz Lab
Sports
Olympics
Type in answers that appear in a list
Type in answers that appear in a list
Classic
Best Score? Go Orange.
2006 World Gymnastics Championships EF Qualifiers Stats
Can you name the 2006 World Gymnastics Championships EF Qualifiers?
By
clairemercie
10m
32 Questions
20 Plays
20 Plays
20 Plays
Comments
Comments
Give Quiz Kudos
Give Quiz Kudos
-
- Ratings
hide this ad
Replay
Link that replays current quiz
Next Quiz
Link to next quiz in quiz playlist
You Got
0%
They Got
Avg Score
81%
Avg Friend Score
Upgrade to see
Score Distribution
Jump to the score distribution portion of the page
Score
0/32
Timer
10:00
0
Plays Today
Hint
Answer
% Correct
VT
Cheng Fei
100%
VT
Alicia Sacramone
100%
VT
Oksana Chusovitina
100%
UB
Nastia Liukin
100%
UB
Vanessa Ferrari
100%
BB
Vanessa Ferrari
100%
FX
Cheng Fei
100%
FX
Vanessa Ferrari
100%
VT
Sandra Izbasa
95%
UB
Beth Tweddle
95%
UB
Jana Bieger
95%
BB
Sandra Izbasa
95%
FX
Jana Bieger
95%
FX
Sandra Izbasa
95%
UB
Steliana Nistor
85%
BB
Zhang Nan
85%
Hint
Answer
% Correct
BB
Steliana Nistor
85%
FX
Elizabeth Tweddle
85%
VT
Hong Su Jong
80%
UB
Irina Krasnianska
80%
BB
Irina Krasnianska
80%
FX
Daiane Dos Santos
80%
VT
Anna Pavlova
75%
BB
Anna Pavlova
75%
BB
Elyse Hopfner-Hibbs
70%
FX
Natasha Kelley
70%
VT
Elena Zamolodchikova
65%
VT
Lais Souza
50%
FX
Lais Souza
50%
UB
Daria Joura
45%
UB
Mayu Kuroda
35%
BB
Olga Shcherbatykh
35%
Quiz Playlist
Details
Report
Send in Message
Add To Playlist
Classic:
Type in answers that appear in a list
Last Updated: Sep 10, 2019
Quiz Scoreboard
CHALLENGE
Sign Up to Join the Scoreboard
Show All
Scores
Hide
Comments
May contain spoilers
Recently Published
One Thing in Common: World Cities II
by knightlancer
Geography
7m
Popular People in 1961
by mucciniale
History
6m
1-10 Letter E Words III
by El_Dandy
Language
2m
More to Explore
Quiz From the Vault
Featured Blog Post
Where Did the Easter Bunny Come From?
hide this ad
You Might Also Like...
Tags
Olympics Quiz
Gymnastics
Gymnastics Beam
Gymnastics Champions
Gymnastics Events
Gymnastics Floor
Gymnastics Teams
Gymnastics Uneven
Gymnastics Vault
Gymnastics World
Today's Top Quizzes in Sports
Browse Sports
hide this ad
Today's Top Quizzes in Olympics
Browse Olympics
Top Contributed Quizzes in Sports
1
Les meilleurs buteurs des matchs entre le PSG et l’OM
2
Les entraîneurs de l'OM et du PSG au 21e siècle
3
FIFA Club World Cup Champions
4
2022 World Cup Stars
5
Name the Premier League winners with different clubs
6
La finale Lions - Afrique du Sud 2021
7
Criteria MLB: Left Handed Sluggers
8
Players with Multiple 50 Home Run Seasons
9
MLB Players with Two .350 Batting Average Seasons
10
MLB Hall of Famer by Rings
Explore More
Trending Topics
Kpop
Marvel
Crossword
Anime
NBA
Harry Potter
Disney
Song
The Office
NFL
Soccer
Pokémon
WWE
Puzzle
Country
hide this ad
More By:
clairemercie
Quiz
Plays
Rating
Category
Featured
Created
Guess the Succession Character
579
2.25
Entertainment
Nov 19, 2019
Baby Names Containing 'AM' 2019
515
5.00
Miscellaneous
Nov 18, 2020
Baby Names Containing 'LA' 2019
465
5.00
Miscellaneous
Dec 7, 2020
Baby Names Containing 'IN' 2019
409
5.00
Miscellaneous
Dec 7, 2020
Baby Names Containing 'AS' 2019
373
5.00
Miscellaneous
Nov 17, 2020
Go to Creator's Profile
Score Distribution
Quiz Creator Spotlight
clairemercie
Follow
Send a Message
Quizzes Created
-
Created Quiz Play Count
-
More By This Creator
Popular Quizzes Today
1
Find the US States - No Outlines Minefield
2
Find the Countries of Europe - No Outlines Minefield
3
The Countries of the World
4
Popular People in 1961
5
1-10 Letter E Words III
6
Find the US States
7
One Thing in Common: World Cities II
8
US States
More Sports Quizzes
NBA 2020 45 Point Games
Quiz Lab
Trending Quizzes
Risky Map Clicking: Least Populous States A-Z
1-10 Letter F Words
1-10 Letter G Words
One Thing in Common: United Kingdom
Risky Map Clicking: Biggest States A-Z
Recently Updated
Leaping Animals
pecheneg
Reality TV Shows (A-Z)
bhenderson79
Rickey Henderson's Hall of Fame Teammates
pecheneg
Champions League XIs: Arsenal
pecheneg
Quick Pick: Celebrities in WWE's Hall of Fame
aduchscher
A-Z Keypad Blitz II
pecheneg
Multiple Oscar Actors
pecheneg
Mystery Phrase Blitz: Oscar 'Best Actors'
pecheneg
F. Scott Fitzgerald Novels
LTH
Pick 3 Villains
ddd62291
Trending Topics
NBA
Harry Potter
Anime
Kpop
Marvel
Crossword
Disney
The Office
Soccer
Pokémon
WWE
Song
NFL
Puzzle
Country
Your Account Isn't Verified!
In order to create a playlist on Sporcle, you need to verify the email address you used during registration. Go to your
Sporcle Settings
to finish the process.
Report this User
Report this user for behavior that violates our
Community Guidelines
.
Details:
Send Report
Go to the Sporcle.com Mobile Site →
Comments